Statistics for ''ㅤ'' ile Başlayan Bir Ülke Söyle!

Click here to take the quiz!

General Stats

  • This quiz has been taken 13 170 times
    (13 024 since last reset)
  • The average score is 23 of 28

Answer Stats

HarfÜlke% Correct
BBahamalar | Bahreyn | Bangladeş | Barbados | Belçika | 16+
99%
AAfganistan | Almanya | Andorra | Angola | Antigua ve Barbuda | 5+
97%
FFas | Fiji | Fildişi Sahili | Filipinler | Finlandiya | Fransa
94%
İİran | İrlanda | İspanya | İsrail | İsveç | İsviçre | İtalya | İzlanda
93%
ÇÇad | Çekya | Çin
92%
KKamboçya | Kamerun | Kanada | Karadağ | Katar | 14+
92%
EEkvador | Ekvator Ginesi | El Salvador | Endonezya | Eritre | 4+
91%
DDanimarka | Demokratik Kongo Cumhuriyeti | Doğu Timor | 2+
90%
MMacaristan | Madagaskar | Malavi | Maldivler | Malezya | 12+
90%
GGabon | Gambiya | Gana | Gine | Gine-Bissau | Grenada | 6+
89%
HHaiti | Hindistan | Hırvatistan | Hollanda | Honduras
89%
JJamaika | Japonya
89%
TTacikistan | Tanzanya | Togo | Tonga | Trinidad ve Tobago | 4+
89%
LLaos | Lesotho | Letonya | Liberya | Libya | Lihtenştayn | 3+
87%
PPakistan | Palau | Panama | Papua Yeni Gine | Paraguay | 3+
87%
SSaint Kitts ve Nevis | Saint Lucia | Saint Vincent ve Grenadinler | 17+
86%
NNamibya | Nauru | Nepal | Nijer | Nijerya | Nikaragua | Norveç
84%
YYemen | Yeni Zelanda | Yeşil Burun | Yunanistan
83%
RRomanya | Ruanda | Rusya
82%
UUganda | Ukrayna | Umman | Uruguay
81%
IIrak
77%
VVanuatu | Vatikan | Venezuela | Vietnam
76%
CCezayir | Cibuti
73%
ÜÜrdün
73%
ÖÖzbekistan
72%
ZZambiya | Zimbabve
70%
ŞŞili
66%
OOrta Afrika Cumhuriyeti
42%

Score Distribution

Percentile by Number Answered

Percent of People with Each Score

Your Score History

You have not taken this quiz since the last reset